[Event "Copenhagen GoAudit op"]
[Site "Copenhagen"]
[Date "2021.11.12"]
[Round "3"]
[White "Jaques, Hannibal Valeur"]
[Black "Guindy, Esmat Susanne"]
[Result "0-1"]
[WhiteElo "1980"]
[BlackElo "2102"]
[PlyCount "78"]
[EventDate "2021.11.12"]
[EventType "swiss"]
[EventRounds "7"]
[EventCountry "DEN"]
[SourceTitle "CBM 205 Extra"]
[Source "ChessBase"]
[SourceDate "2022.01.31"]
[SourceVersion "1"]
[SourceVersionDate "2022.01.31"]
[SourceQuality "1"]

1. e4 e6 2. d4 d5 3. e5 c5 4. c3 Nc6 5. f4 Qb6 6. Nf3 Nh6 7. Bd3 Bd7 8. Bc2 cxd4 9. cxd4 Nb4 10. Ba4 Bxa4 11. Qxa4+ Nc6 12. 0-0 Nf5 13. Rd1 h5 14. Na3 Rc8 15. Nc2 Be7 16. Ne3 Nxe3 17. Bxe3 0-0 18. Qb3 Qxb3 19. axb3 a6 20. Bd2 Rc7 21. Rac1 Rfc8 22. Bc3 Na7 23. Bd2 Nc6 24. Ne1 Nxd4 25. Rxc7 Rxc7 26. Ba5 Rc1 27. Rxd4 Bc5 28. Bc3 Bxd4+ 29. Bxd4 Rxe1+ 30. Kf2 Re4 31. Be3 Rb4 32. h3 Rxb3 33. Bd4 a5 34. Kg1 b5 35. Kh2 b4 36. g4 hxg4 37. hxg4 a4 38. f5 a3 39. bxa3 bxa3 0-1

[Event "Copenhagen GoAudit op"]
[Site "Copenhagen"]
[Date "2019.11.09"]
[Round "5"]
[White "Liu, Casper Yukun"]
[Black "Jaques, Hannibal Valeur"]
[Result "1-0"]
[WhiteElo "2171"]
[BlackElo "1736"]
[PlyCount "71"]
[EventDate "2019.11.08"]
[EventType "swiss"]
[EventRounds "8"]
[EventCountry "DEN"]
[SourceTitle "EXT 2021"]
[Source "ChessBase"]
[SourceDate "2020.10.23"]
[SourceVersion "1"]
[SourceVersionDate "2020.10.23"]
[SourceQuality "1"]

1. e4 e5 2. Bc4 Nc6 3. Nf3 Bc5 4. 0-0 d6 5. c3 Bg4 6. d3 Nf6 7. Nbd2 0-0 8. Re1 a6 9. Nf1 Na5 10. b4 Nxc4 11. bxc5 Na5 12. Ba3 Re8 13. cxd6 cxd6 14. Ne3 Be6 15. Qa4 Nc6 16. c4 Qd7 17. Nd5 Rab8 18. Nb6 Qc7 19. Rab1 h6 20. Rb2 g5 21. Nd5 Bxd5 22. cxd5 Ne7 23. Reb1 Rec8 24. Rb6 Ne8 25. h4 g4 26. Nxe5 Qc3 27. Nd7 Ra8 28. R6b3 b5 29. Rxc3 bxa4 30. Rc4 Rxc4 31. dxc4 Ra7 32. Rb8 Rxd7 33. Rxe8+ Kg7 34. Bxd6 Ng6 35. c5 h5 36. c6 1-0

[Event "Helsingor Xtracon op"]
[Site "Helsingor"]
[Date "2019.07.25"]
[Round "7"]
[White "Shehzad, Alisha"]
[Black "Jaques, Hannibal Valeur"]
[Result "1-0"]
[WhiteElo "1637"]
[BlackElo "1807"]
[PlyCount "131"]
[EventDate "2019.07.20"]
[EventType "swiss"]
[EventRounds "10"]
[EventCountry "DEN"]
[SourceTitle "CBM 191 Extra"]
[Source "ChessBase"]
[SourceDate "2019.09.30"]
[SourceVersion "1"]
[SourceVersionDate "2019.09.30"]
[SourceQuality "1"]

1. e4 e5 2. Nf3 Nc6 3. Nc3 Nf6 4. a3 d6 5. d4 Bg4 6. Bb5 a6 7. Bxc6+ bxc6 8. dxe5 Bxf3 9. Qxf3 dxe5 10. 0-0 Be7 11. Rd1 Qc8 12. Qg3 Qe6 13. Be3 0-0 14. f3 Rad8 15. Rxd8 Rxd8 16. Rd1 Rxd1+ 17. Nxd1 Nd7 18. Nc3 Qc4 19. Qe1 Nb6 20. Qd2 h6 21. Qd3 Kf8 22. Kf2 Bd6 23. Qd2 Ke7 24. h3 Qe6 25. Qd3 Qc4 26. Ke1 a5 27. Qxc4 Nxc4 28. Bc1 Ke6 29. Ke2 Bf8 30. Kd3 Nb6 31. Be3 g6 32. Ne2 f5 33. Bd2 Na4 34. Bxa5 Nxb2+ 35. Kc3 Na4+ 36. Kd2 Nb6 37. Bxb6 cxb6 38. a4 Be7 39. c4 Kd6 40. Kc3 Bg5 41. Kc2 Kc5 42. Kc3 Be3 43. exf5 gxf5 44. Ng3 Bd4+ 45. Kb3 e4 46. fxe4 f4 47. Nf5 h5 48. Ne7 Bf6 49. Ng6 Kd4 50. e5 Bxe5 51. Nxe5 Kxe5 52. c5 bxc5 53. Kc4 Kd6 54. a5 Kd7 55. Kxc5 Kc7 56. a6 h4 57. a7 Kb7 58. a8Q+ Kxa8 59. Kxc6 Kb8 60. Kd6 Kc8 61. Ke5 f3 62. gxf3 Kd7 63. Kf6 Ke8 64. f4 Kf8 65. f5 Kg8 66. Ke7 1-0

[Event "Helsingor Xtracon op"]
[Site "Helsingor"]
[Date "2019.07.23"]
[Round "5"]
[White "Stovring, Claus"]
[Black "Jaques, Hannibal Valeur"]
[Result "1-0"]
[WhiteElo "2036"]
[BlackElo "1807"]
[PlyCount "69"]
[EventDate "2019.07.20"]
[EventType "swiss"]
[EventRounds "10"]
[EventCountry "DEN"]
[SourceTitle "CBM 191 Extra"]
[Source "ChessBase"]
[SourceDate "2019.09.30"]
[SourceVersion "1"]
[SourceVersionDate "2019.09.30"]
[SourceQuality "1"]

1. e4 e5 2. Nf3 Nc6 3. Bb5 a6 4. Ba4 Nf6 5. 0-0 d6 6. Re1 b5 7. Bb3 Na5 8. d4 Nxb3 9. axb3 Bg4 10. dxe5 Bxf3 11. Qxf3 dxe5 12. Nc3 c6 13. Qf5 Qc7 14. Bg5 Be7 15. Re3 Rd8 16. Rh3 h6 17. Be3 Qd7 18. Qf3 b4 19. Na4 Nxe4 20. Nb6 Qd6 21. Kf1 Nd2+ 22. Bxd2 Qxd2 23. Qxc6+ Kf8 24. Rf3 f6 25. Qe4 Bc5 26. Nc4 Qd4 27. Qxd4 Rxd4 28. Rxa6 Ke7 29. Rc6 Bd6 30. Ra6 Rd8 31. Ne3 g6 32. Rg3 Rg8 33. Nf5+ Kd7 34. Nxd4 exd4 35. Rd3 1-0

[Event "Bronshoj Lang Weekend"]
[Site "Copenhagen"]
[Date "2018.02.18"]
[Round "7"]
[White "Kristensen, Lars Ostergaard"]
[Black "Jaques, Hannibal Valeur"]
[Result "1/2-1/2"]
[WhiteElo "1641"]
[BlackElo "1739"]
[PlyCount "83"]
[EventDate "2018.02.15"]
[EventType "swiss"]
[EventRounds "7"]
[EventCountry "DEN"]
[SourceTitle "CBM 183 Extra"]
[Source "ChessBase"]
[SourceDate "2018.04.19"]
[SourceVersion "1"]
[SourceVersionDate "2018.04.19"]
[SourceQuality "1"]

1. d4 d5 2. c4 c6 3. cxd5 cxd5 4. Nc3 Nc6 5. Bf4 Nf6 6. e3 Bf5 7. Nf3 e6 8. Rc1 Bd6 9. Bxd6 Qxd6 10. Bd3 Bg4 11. 0-0 e5 12. dxe5 Bxf3 13. Qxf3 Nxe5 14. Bb5+ Nc6 15. Rfd1 Rd8 16. Nxd5 Nxd5 17. e4 0-0 18. exd5 Ne5 19. Qc3 a6 20. Ba4 b5 21. Bb3 f5 22. Qc7 f4 23. Qxd6 Rxd6 24. Rc6 Rfd8 25. Rxd6 Rxd6 26. Re1 Nc4 27. Bxc4 bxc4 28. Rd1 Kf7 29. Kf1 Kf6 30. Ke2 Ke5 31. b4 Rxd5 32. Rxd5+ Kxd5 33. Kd2 Kd4 34. a4 g5 35. g4 fxg3 36. fxg3 h5 37. h4 gxh4 38. gxh4 c3+ 39. Kc2 Kc4 40. b5 axb5 41. axb5 Kxb5 42. Kxc3 1/2-1/2

[Event "Bronshoj Lang Weekend"]
[Site "Copenhagen"]
[Date "2018.02.16"]
[Round "2"]
[White "Liu, Casper Yukun"]
[Black "Jaques, Hannibal Valeur"]
[Result "1-0"]
[WhiteElo "1963"]
[BlackElo "1739"]
[PlyCount "41"]
[EventDate "2018.02.15"]
[EventType "swiss"]
[EventRounds "7"]
[EventCountry "DEN"]
[SourceTitle "CBM 183 Extra"]
[Source "ChessBase"]
[SourceDate "2018.04.19"]
[SourceVersion "1"]
[SourceVersionDate "2018.04.19"]
[SourceQuality "1"]

1. d4 d5 2. Bf4 Nf6 3. e3 Bf5 4. c4 c6 5. Qb3 Qc8 6. Nc3 e6 7. Rc1 Nbd7 8. Nf3 Be7 9. Nh4 Bg6 10. Nxg6 hxg6 11. Be2 Nh5 12. Bxh5 gxh5 13. cxd5 g5 14. Be5 f6 15. d6 Bd8 16. Qxe6+ Kf8 17. Ne4 fxe5 18. dxe5 Nb6 19. Qg6 Qg4 20. e6 Qxg2 21. Qf7# 1-0

[Event "EU-ch U12 27th"]
[Site "Mamaia"]
[Date "2017.09.09"]
[Round "5"]
[White "Theocharous, Vassilis"]
[Black "Jaques, Hannibal Valeur"]
[Result "0-1"]
[WhiteElo "1315"]
[BlackElo "1661"]
[PlyCount "46"]
[EventDate "2017.09.05"]
[EventType "swiss"]
[EventRounds "9"]
[EventCountry "ROU"]
[SourceTitle "CBM 180 Extra"]
[Source "ChessBase"]
[SourceDate "2017.10.06"]
[SourceVersion "1"]
[SourceVersionDate "2017.10.06"]
[SourceQuality "1"]

1. e4 e5 2. Nf3 Nc6 3. Bc4 Bc5 4. c3 Nf6 5. d4 exd4 6. cxd4 Bb4+ 7. Bd2 Bxd2+ 8. Nbxd2 d5 9. exd5 Nxd5 10. Qb3 Na5 11. Qa4+ c6 12. 0-0 0-0 13. Rfe1 b5 14. Bxb5 cxb5 15. Qxb5 Be6 16. Qe2 Nc6 17. Qe4 Rc8 18. Rac1 Nf6 19. Qe3 Qd5 20. Nb3 Nb4 21. Rxc8 Rxc8 22. Rc1 Rxc1+ 23. Qxc1 Nxa2 0-1

[Event "EU-ch U12 27th"]
[Site "Mamaia"]
[Date "2017.09.08"]
[Round "4"]
[White "Jaques, Hannibal Valeur"]
[Black "Ruiz Buendia, Miguel"]
[Result "0-1"]
[WhiteElo "1661"]
[BlackElo "1474"]
[PlyCount "52"]
[EventDate "2017.09.05"]
[EventType "swiss"]
[EventRounds "9"]
[EventCountry "ROU"]
[SourceTitle "CBM 180 Extra"]
[Source "ChessBase"]
[SourceDate "2017.10.06"]
[SourceVersion "1"]
[SourceVersionDate "2017.10.06"]
[SourceQuality "1"]

1. e4 e5 2. Nf3 Nc6 3. Bb5 a6 4. Ba4 b5 5. Bb3 Nf6 6. Nc3 Bc5 7. 0-0 d6 8. d3 Bg4 9. h3 Bh5 10. Be3 Nd4 11. Bxd4 Bxd4 12. Re1 g5 13. g4 Bxc3 14. bxc3 Nxg4 15. hxg4 Bxg4 16. Bd5 Qf6 17. Kg2 h5 18. Qe2 Bh3+ 19. Kxh3 g4+ 20. Kg2 gxf3+ 21. Qxf3 Rg8+ 22. Qg3 0-0-0 23. c4 h4 24. Qxg8 Rxg8+ 25. Kh3 Qf3+ 26. Kxh4 Qg4# 0-1

[Event "EU-ch U12 27th"]
[Site "Mamaia"]
[Date "2017.09.05"]
[Round "1"]
[White "Chyzy, Jakub"]
[Black "Jaques, Hannibal Valeur"]
[Result "1-0"]
[WhiteElo "2060"]
[BlackElo "1661"]
[PlyCount "46"]
[EventDate "2017.09.05"]
[EventType "swiss"]
[EventRounds "9"]
[EventCountry "ROU"]
[SourceTitle "CBM 180 Extra"]
[Source "ChessBase"]
[SourceDate "2017.10.06"]
[SourceVersion "1"]
[SourceVersionDate "2017.10.06"]
[SourceQuality "1"]

1. e4 e5 2. Nf3 Nc6 3. Bb5 a6 4. Ba4 Bc5 5. c3 Nf6 6. d4 exd4 7. e5 Nd5 8. cxd4 Bb4+ 9. Nbd2 0-0 10. 0-0 Nb6 11. Bc2 d5 12. exd6 Qxd6 13. Ne4 Qd5 14. a3 Bd6 15. Nxd6 Qxd6 16. Ng5 h6 17. Qd3 Qg6 18. Qxg6 fxg6 19. Bb3+ Kh8 20. Nf7+ Rxf7 21. Bxf7 Kh7 22. Be3 Na5 23. Ba2 Nac4 1-0

[Event "EU-ch U12 26th"]
[Site "Prague"]
[Date "2016.08.26"]
[Round "8"]
[White "Jaques, Hannibal Valeur"]
[Black "Kusa, Jakub"]
[Result "0-1"]
[WhiteElo "1518"]
[BlackElo "1567"]
[PlyCount "136"]
[EventDate "2016.08.18"]
[EventType "swiss"]
[EventRounds "9"]
[EventCountry "CZE"]
[SourceTitle "CBM 174 Extra"]
[Source "ChessBase"]
[SourceDate "2016.10.10"]
[SourceVersion "1"]
[SourceVersionDate "2016.10.10"]
[SourceQuality "1"]

1. e4 c5 2. Nc3 Nc6 3. g3 g6 4. Bg2 Bg7 5. f4 d6 6. Nf3 Nf6 7. 0-0 0-0 8. d3 Rb8 9. Be3 b5 10. h3 b4 11. Ne2 Ne8 12. g4 Bxb2 13. Rb1 Bg7 14. Kf2 Nc7 15. f5 Ne5 16. Nxe5 Bxe5 17. c3 Na6 18. cxb4 Rxb4 19. Rxb4 Nxb4 20. Qb3 Ba6 21. Nc1 Qb6 22. fxg6 hxg6 23. Ke2 Nc6 24. Rh1 Rb8 25. Qxb6 Rxb6 26. Nb3 Nd4+ 27. Bxd4 cxd4 28. Rc1 Bf6 29. Rc7 Rb7 30. Rxb7 Bxb7 31. Kf2 Ba6 32. Ke2 Kg7 33. Na5 Bb5 34. Nb3 e5 35. Kd2 Kh6 36. Bf1 Kg5 37. Ke2 Kf4 38. Na5 Be7 39. Kf2 f5 40. gxf5 gxf5 41. exf5 Kxf5 42. Kf3 d5 43. Nb3 Ba4 44. Bg2 Bxb3 45. axb3 e4+ 46. Ke2 Bg5 47. Bf1 Kf4 48. Bg2 Bh4 49. Kd2 Kg3 50. dxe4 Kxg2 51. Kd3 dxe4+ 52. Kxe4 Bf6 53. h4 Kf2 54. Kd3 Kf3 55. h5 Kf4 56. h6 Kf5 57. b4 Kg6 58. Ke4 Kxh6 59. Kf4 Bd8 60. Kf3 Bb6 61. Kf4 d3 62. Kf3 Kg5 63. b5 Kf5 64. Kg3 d2 65. Kg2 d1Q 66. Kg3 Qe2 67. Kh3 Bg1 68. Kg3 Qg4# 0-1

[Event "EU-ch U12 26th"]
[Site "Prague"]
[Date "2016.08.22"]
[Round "5"]
[White "Jaques, Hannibal Valeur"]
[Black "Jun, Rudolf Jr"]
[Result "0-1"]
[WhiteElo "1518"]
[BlackElo "1621"]
[PlyCount "54"]
[EventDate "2016.08.18"]
[EventType "swiss"]
[EventRounds "9"]
[EventCountry "CZE"]
[SourceTitle "CBM 174 Extra"]
[Source "ChessBase"]
[SourceDate "2016.10.10"]
[SourceVersion "1"]
[SourceVersionDate "2016.10.10"]
[SourceQuality "1"]

1. e4 c5 2. Nc3 e6 3. g3 Nc6 4. Bg2 a6 5. f4 Be7 6. Nf3 h5 7. h3 d5 8. d3 d4 9. Ne2 Nf6 10. Bd2 0-0 11. Kf2 b5 12. Qg1 Qb6 13. Qh2 c4 14. Kf1 Bb4 15. g4 Bxd2 16. Nxd2 Nb4 17. e5 Nfd5 18. dxc4 Ne3+ 19. Kf2 Nxg2 20. Kxg2 Nxc2 21. Rac1 d3 22. Nc3 Bb7+ 23. Nf3 Ne3+ 24. Kg3 h4+ 25. Kxh4 Bxf3 26. Rhg1 bxc4 27. g5 Nf5# 0-1

[Event "EU-ch U12 26th"]
[Site "Prague"]
[Date "2016.08.21"]
[Round "4"]
[White "Magold, Victor"]
[Black "Jaques, Hannibal Valeur"]
[Result "1-0"]
[WhiteElo "1708"]
[BlackElo "1518"]
[PlyCount "103"]
[EventDate "2016.08.18"]
[EventType "swiss"]
[EventRounds "9"]
[EventCountry "CZE"]
[SourceTitle "CBM 174 Extra"]
[Source "ChessBase"]
[SourceDate "2016.10.10"]
[SourceVersion "1"]
[SourceVersionDate "2016.10.10"]
[SourceQuality "1"]

1. e4 e5 2. Nf3 Nc6 3. Bc4 Bc5 4. c3 Nf6 5. d4 exd4 6. e5 Nh5 7. cxd4 Bb4+ 8. Bd2 Bxd2+ 9. Qxd2 0-0 10. 0-0 d6 11. Re1 dxe5 12. dxe5 Qxd2 13. Nbxd2 Re8 14. Rad1 Nf4 15. Re3 Ng6 16. Rde1 Bf5 17. Ng5 Re7 18. e6 f6 19. Nge4 Rae8 20. Ng3 Nh4 21. f4 Rf8 22. Nb3 Bg6 23. Bb5 Nf5 24. Nxf5 Bxf5 25. Bxc6 bxc6 26. Nd4 g6 27. h3 c5 28. Nxf5 gxf5 29. Kf2 Kg7 30. b3 h6 31. Kf3 a6 32. g3 Kg6 33. R1e2 h5 34. h4 Kg7 35. Kf2 Kg6 36. Ke1 Kh6 37. Kd2 Rd8+ 38. Kc3 Rd4 39. a3 a5 40. Re1 Kg6 41. R1e2 Kh6 42. Kc2 Kg6 43. Kc3 Kh6 44. Rd2 Re4 45. Rxe4 fxe4 46. f5 Rg7 47. Kc4 Rxg3 48. e7 Rg8 49. Rd8 Rg2 50. Rh8+ Kg7 51. e8Q e3 52. Qg8# 1-0